| 000 | 01042cad a22002295a 4500 | ||
|---|---|---|---|
| 008 | 240202s2014 xxk f f 001 0 eng d | ||
| 041 | 0 | _aeng | |
| 110 | 2 |
_aRoyal Institution of Chartered Surveyors _94900 |
|
| 245 | 0 | 4 |
_aIdentifying best practice for Regulation in conducting the valuation process, in accordance with RICS Valuation Standards, to mitigate valuation risk _b: Executive summary _h[electronic resource] |
| 260 |
_aLondon _bRICS _c2014 |
||
| 300 | _a12p. | ||
| 490 | 0 | _aRICS Research | |
| 520 | _aThis research was instigated and carried out by independent researchers from Northumbria University during Q3 2011 to Q2 2012. References the Carsberg report. | ||
| 650 | 2 | 4 | _aVALUATION |
| 651 | 4 | _aInternational | |
| 690 |
_aValuation _96273 |
||
| 700 | 1 | _aDownie, Mary-Lou | |
| 700 | 1 | _aRobson, Gill | |
| 710 |
_aUniversity of Northumbria _93642 |
||
| 856 | 4 | 0 |
_uhttps://www.propertyresearchtrust.org/uploads/1/3/4/8/134819607/regulation_valuation_process.pdf _zAvailable from Property Research Trust |
| 942 |
_n0 _2ddc |
||
| 999 |
_c121788 _d121788 |
||